El arte militar / (Record no. 25301)
[ view plain ]
| 000 -LEADER | |
|---|---|
| campo de control de longitud fija | 00520nam a2200193 i 4500 |
| 001 - NÚMERO DE CONTROL | |
| campo de control | 25301 |
| 003 - IDENTIFICADOR DE NÚMERO DE CONTROL | |
| campo de control | ES-MaACL |
| 005 - FECHA Y HORA DE LA ÚLTIMA TRANSACCIÓN | |
| campo de control | 20230906153231.0 |
| 007 - CAMPO FIJO DE DESCRIPCIÓN FÍSICA--INFORMACIÓN GENERAL | |
| campo de control de longitud fija | t| |
| 008 - DATOS DE LONGITUD FIJA--INFORMACIÓN GENERAL | |
| campo de control de longitud fija | 021223s1957 sp ||||1| spa d |
| 100 1# - ENTRADA PRINCIPAL--NOMBRE DE PERSONA | |
| Nombre de persona | Aranda Mata, Antonio. |
| 9 (RLIN) | 22288 |
| 245 13 - MENCIÓN DEL TÍTULO | |
| Título | El arte militar / |
| Mención de responsabilidad, etc. | General Aranda. |
| 260 ## - PUBLICACIÓN, DISTRIBUCIÓN, ETC. | |
| Lugar de publicación, distribución, etc. | Madrid : |
| Nombre del editor, distribuidor, etc. | Pegaso, |
| Fecha de publicación, distribución, etc. | [1957] |
| 300 ## - DESCRIPCIÓN FÍSICA | |
| Extensión | X, 389 p. : |
| Otras características físicas | il. ; |
| Dimensiones | 19 cm. |
| 490 1# - MENCIÓN DE SERIE | |
| Mención de serie | Nuestra época |
| 830 0# - PUNTO DE ACCESO ADICIONAL DE SERIE-TÍTULO UNIFORME | |
| Título uniforme | Nuestra época |
| 9 (RLIN) | 183499 |
| 852 ## - LOCALIZACIÓN | |
| Ubicación | ES-MaACL |
| Número de control de estantería | C-13733 |
| Sublocalización o colección | R.41435 |
| Estatus retirado | Estado de pérdida | Estado de daño | No para préstamo | Biblioteca de origen | Biblioteca actual | Ubicación en estantería | Fecha de adquisición | Fuente de adquisición | Total de préstamos | Signatura topográfica completa | Código de barras | Visto por última vez | Precio de reemplazo | Tipo de ítem Koha |
|---|---|---|---|---|---|---|---|---|---|---|---|---|---|---|
| Biblioteca del Ateneo de Madrid | Biblioteca del Ateneo de Madrid | Sala Palomar | 17/01/2008 | C-13733 | 1026085 | 23/02/2023 | 23/02/2023 | Libro impreso |
